• 首页
  • 本馆介绍
  • 公告通知
  • 最新文献
  • 馆藏检索
  • 电子资源
  • 读者导购
  • 参考咨询
  • 我的图书馆
  • 登录
  • 详细信息显示
  • 放入我的书架
  • 预约/预借图书
  • 作者相关作品
  • 分类相关作品
  • 丛书相关作品
  • 出版社相关作品

书目信息

  • 表格格式
  • 工作单格式
  • 卡片格式
题名:
车辆
    
 
作者: ;郑州铁路局 编
分册:  
出版信息: 北京   中国铁道出版社  1997
页数: 175页
开本: 13cm
丛书名: 铁路行车主要工种安全问答丛书
单 册:
中图分类: U279.5-44
科图分类:
主题词: 铁路车辆-车辆检修--安全技术--问答 , 车辆检修-铁路车辆--安全技术--问答
电子资源:
ISBN: 7-113-02657-5
000 00716nam2 2200241 45
001 1536045151
005 20150128083005.50
010    @a7-113-02657-5@dCNY6.80
100    @a19971119d1997 em y0chiy0121 ea
101 0  @achi
102    @aCN@b110000
105    @ay z 000yy
200 10 @a车辆@Ache liang@f郑州铁路局编
210    @a北京@c中国铁道出版社@d1997
215    @a175页@d13cm
225 2  @a铁路行车主要工种安全问答丛书
410  0 @120010@a铁路行车主要工种安全问答丛书
606    @a铁路车辆-车辆检修@x安全技术@x问答
606    @a车辆检修-铁路车辆@x安全技术@x问答
690    @aU279.5-44@v3
711 02 @a郑州铁路局@Azheng zhou tie lu ju@4编
801  0 @aCN@bTSSF@c20150128
905    @aZUCC@dU279.5-44@eJY1
    
    车辆/郑州铁路局编.-北京:中国铁道出版社,1997
    175页;13cm.-(铁路行车主要工种安全问答丛书)
    
    
    ISBN 7-113-02657-5:CNY6.80
    
●
相关链接 在E读中查询图书 在五车中查询图书 在当当中查询图书 在豆瓣中查询图书


正题名:车辆     索取号:U279.5-44/JY1         预约/预借

序号 登录号 条形码 馆藏地/架位号 状态 备注
1 7842709   278427098   学院路分馆/ [索取号:U279.5-44/JY1] 在馆    
2 7842710   278427105   学院路分馆/ [索取号:U279.5-44/JY1] 在馆    
唐山师范学院图书馆 欢迎您!
大连网信软件有限公司© 版权所有